[Event "Tripoli Winter op"]
[Site "Tripoli"]
[Date "2018.02.10"]
[Round "6"]
[White "Almshraki, Adel Ibrahim"]
[Black "Astail, Iyman M"]
[Result "1-0"]
[WhiteElo "1729"]
[BlackElo "1799"]
[PlyCount "106"]
[EventDate "2018.02.05"]
[EventType "swiss"]
[EventRounds "9"]
[EventCountry "LBY"]
[SourceTitle "CBM 182 Extra"]
[Source "ChessBase"]
[SourceDate "2018.02.23"]
[SourceVersion "1"]
[SourceVersionDate "2018.02.23"]
[SourceQuality "1"]

1. e4 e5 2. Nf3 Nc6 3. Nc3 Nf6 4. Be2 a6 5. 0-0 Bc5 6. Nxe5 Nxe5 7. d4 Bd6 8. dxe5 Bxe5 9. Bg5 h6 10. Bxf6 gxf6 11. Qd3 c6 12. f4 Qb6+ 13. Kh1 Bc7 14. b3 d6 15. Rad1 Be6 16. f5 Bd7 17. Qc4 Qe3 18. Bf3 Qg5 19. Nd5 Bd8 20. Nc3 Bc7 21. a4 Qh4 22. g3 Qg5 23. Ne2 h5 24. Qd3 h4 25. g4 0-0-0 26. h3 Rhe8 27. c4 c5 28. Bg2 Bc6 29. Nc3 Re5 30. Nd5 Bxd5 31. cxd5 Ba5 32. Qc4 Kb8 33. Qd3 Re7 34. Qf3 Rc7 35. Qd3 Rdc8 36. Qc4 Qe3 37. Rf3 Qh6 38. Rfd3 Qf8 39. Qc2 c4 40. bxc4 Rxc4 41. Qb2 Qe7 42. Rb3 Rc2 43. Qd4 R2c4 44. Qd3 Qe8 45. Rdb1 Rc1+ 46. Bf1 Rxb1 47. Qxb1 b6 48. Bxa6 Rc7 49. Bb5 Qe5 50. Bc6 Re7 51. Rxb6+ Bxb6 52. Qxb6+ Kc8 53. Qa6+ Kb8 1-0

[Event "Tripoli Winter op"]
[Site "Tripoli"]
[Date "2018.02.07"]
[Round "3"]
[White "Almshraki, Adel Ibrahim"]
[Black "Shuaib, Faris"]
[Result "0-1"]
[WhiteElo "1729"]
[BlackElo "1834"]
[PlyCount "94"]
[EventDate "2018.02.05"]
[EventType "swiss"]
[EventRounds "9"]
[EventCountry "LBY"]
[SourceTitle "CBM 182 Extra"]
[Source "ChessBase"]
[SourceDate "2018.02.23"]
[SourceVersion "1"]
[SourceVersionDate "2018.02.23"]
[SourceQuality "1"]

1. e4 e5 2. Nf3 Nc6 3. Nc3 Nf6 4. Be2 Bc5 5. 0-0 h6 6. Nxe5 Nxe5 7. d4 Bxd4 8. Qxd4 d6 9. Bf4 Nc6 10. Qd2 0-0 11. f3 Be6 12. a3 Ne5 13. Rad1 Ng6 14. Bg3 Nh5 15. Bf2 Nhf4 16. Bg3 Nh5 17. f4 Nxg3 18. hxg3 Bd7 19. f5 Ne5 20. f6 g5 21. Nd5 Be6 22. c3 Kh7 23. Bd3 c6 24. Ne3 Qb6 25. Kh1 Rg8 26. Bb1 Rg6 27. b4 Rd8 28. Rde1 Rd7 29. a4 Qd8 30. Qf2 Qb6 31. Bc2 Kg8 32. Qe2 Kh7 33. Qh5 Rd8 34. Qe2 a5 35. bxa5 Qxa5 36. Qd2 Rh8 37. Qxd6 Qxc3 38. Qe7 h5 39. Bb1 h4 40. gxh4 gxh4 41. Re2 Rg3 42. Nf5 Bxf5 43. exf5 Rh3+ 44. Kg1 Qd4+ 45. Rff2 Nf3+ 46. gxf3 Rg8+ 47. Kf1 Rh1# 0-1